La casa Latinoamericana moderna. 20 paradigmas de mediados del siglo XX
| Main Author: | |
|---|---|
| Format: | Section = Libro |
| Language: | Undetermined Spanish |
| Published: |
México
Gustavo Gili
2003
|
| Subjects: |
| LEADER | 00615nam a2200205Ia 4500 | ||
|---|---|---|---|
| 008 | 240829s9999 xx 000 0 und d | ||
| 020 | |a 968-887-400-0 | ||
| 040 | |a BIBLIOTECA-RUSB/ 728 D541 | ||
| 041 | |a spa | ||
| 082 | |a 728 D541 | ||
| 100 | 1 | |a Dias Comas, Carlos Eduardo | |
| 245 | 1 | 0 | |a La casa Latinoamericana moderna. 20 paradigmas de mediados del siglo XX |
| 260 | |a México |b Gustavo Gili |c 2003 | ||
| 300 | |a 134 p. :il. | ||
| 650 | 7 | |a VIVIENDA UNIFAMILIAR MODERNA | |
| 650 | 7 | |b VIVIENDA LATINOAMERICANA MODERNA | |
| 650 | 7 | |c VIVIENDA SIGLO XX. Adriá, Miguel | |
| 942 | |c BK |2 ddc | ||
| 991 | |a TEXTO | ||
| 999 | |c 5275 | ||